Vplyv teploty a vlhkosti na sendvičovú obvodovú konštrukciu drevostavby v zimnom období
Saved in:
| Main Author: | |
|---|---|
| Other Authors: | |
| Format: | Manuscript Book |
| Language: | Slovak |
| Published: |
2020
|
| Subjects: | |
| Online Access: | http://is.stuba.sk/zp/portal_zp.pl?podrobnosti=152989 https://opac.crzp.sk/?fn=detailBiblioForm&sid=81B8C7E3C61A011F143E341BFB16 |
| Tags: |
No Tags, Be the first to tag this record!
|
MARC
| LEADER | 00000ntm a22000003a 4500 | ||
|---|---|---|---|
| 001 | stuzp78942 | ||
| 003 | SK-STU | ||
| 005 | 20230517152532.3 | ||
| 007 | ta | ||
| 008 | 150427s2015----xo-----f-mn---000-0-slo-d | ||
| 040 | |a STU |b slo | ||
| 041 | 0 | |a slo | |
| 100 | 1 | |a Kochanová, Ivana |u 010260 |4 aut |U SvF Stavebná fakulta |T SvF Katedra materiálového inžinierstva |X 80963 |U V260 |Y 27 |7 80963 | |
| 242 | 0 | 1 | |a Influence of temperature and moisture content on sandwich cladding of wooden construction in winter |y eng |
| 245 | 1 | 0 | |a Vplyv teploty a vlhkosti na sendvičovú obvodovú konštrukciu drevostavby v zimnom období |
| 260 | |c 2020 | ||
| 650 | 4 | |a drevostavba |2 slo | |
| 650 | 4 | |a nízkoenergetické stavby |2 slo | |
| 650 | 4 | |a sendvičová konštrukcia |2 slo | |
| 650 | 4 | |a wooden house |2 eng | |
| 650 | 4 | |a low - energy house |2 eng | |
| 650 | 4 | |a sandwich construction |2 eng | |
| 700 | 1 | |a Struhárová, Alena |u 010260 |k Z1 |4 ths |U SvF Stavebná fakulta |T SvF Katedra materiálového inžinierstva |X 916 |U V260 |Y 27 |7 A000000916 | |
| 856 | 4 | |u http://is.stuba.sk/zp/portal_zp.pl?podrobnosti=152989 | |
| 856 | 4 | |u https://opac.crzp.sk/?fn=detailBiblioForm&sid=81B8C7E3C61A011F143E341BFB16 | |